Výber Košíc ich prekvapil Martina Hingisová, štvrtá najlepšia súčasná hráčka na svete: "V druhom polroku som sa tenisu venovala už ozaj vážne"

Bibliographic Details
Main Authors: Hingis, Martina 1980- (Author), Grosmann, Tomáš (Author)
Format: Article
Language:Slovak
PhysicalDescription:Obr. 1
Subjects:

MARC

LEADER 00000nab a2200000 a 4500
001 vtls000606715
003 SK-MaSNL
005 20260303014201.0
008 180205c1996 xo 0 slo
015 |a SNBRB19rr/mm-uuuuu 
035 |a CL0606854 
040 |a SNKBUCL  |b slo  |c SNKBUCL  |e AACR2 
041 0 |a slo 
044 |a xo  |c SK 
080 |a 796.342.071  |2 1981 
100 1 |a Hingis, Martina  |d 1980-  |4 aut  |9 839519 
245 1 0 |a Výber Košíc ich prekvapil  |b Martina Hingisová, štvrtá najlepšia súčasná hráčka na svete: "V druhom polroku som sa tenisu venovala už ozaj vážne"  |c Martina Hingis, Tomáš Grosmann 
300 |b Obr. 1 
600 1 7 |a Hingis, Martina  |d 1980-  |x rozhovory  |2 snkbucl  |9 990447 
655 7 |a články z novín a časopisov  |2 snkbucl  |9 267496 
700 1 |a Grosmann, Tomáš  |4 aut  |9 5355 
773 0 |t Šport  |g Roč. 50, č. 287 (9. 12. 1996), s. 3 
850 |a Slovenská národná knižnica v Martine  |a MTA001 
852 |a SNK  |b KIS3GCP 
958 |a RBX 
999 |c 1606363  |d 1608293